Arrêts du bus Trans-Val-de-Marne (TVM) sur une carte - Statistiques

Statistiques générales
  • Ce quiz a été pris 66 fois
  • Le résultat moyen est 19 sur 32
Réponses sur la Carte
Les réponses sont colorées sur une échelle allant du rouge au vert en fonction du pourcentage des utilisateurs qui les ont devinées à leur premier essai. Vous pouvez retrouver ces pourcentages ci-dessous.
 
Statistiques - réponses
Arrêt % Correct
Choisy-le-Roi RER
86%
Saint-Maur - Créteil RER
86%
Antony - La Croix de Berny RER
84%
Créteil - Université
82%
Pompadour
80%
La Belle Épine
77%
Chevilly-Larue
75%
Rouget de Lisle
70%
Marché international de Rungis
68%
Église de Créteil
66%
Pont de Créteil
64%
Carrefour de la Résistance
61%
Hôpital Intercommunal
61%
Mairie de Chevilly-Larue
61%
Parc Interdépartemental des Sports
61%
La Haye aux Moines
57%
Le Delta
57%
Le Petit Fresnes
57%
Préfecture du Val-de-Marne
57%
René Panhard
57%
Alouettes
55%
Docteur Ténine
52%
Pasteur
50%
Base de Loisirs de Créteil
48%
Berny - Raymond Aron
48%
Le Cor de Chasse
45%
Georges Halgoult
43%
Le Clos la Garenne
43%
Parc Médicis
43%
Marcellin Berthelot
41%
Victor Basch
41%
Montjean
39%
Aucun quiz correspondant
Distribution des résultats
% des personnes avec chaque résultat
Percentile par nombre de réponses
Votre historique - résultats
Vous n’avez pas pris ce quiz